[Event "EU-Cup 21st"]
[Site "Saint Vincent"]
[Date "2005.09.21"]
[Round "4.5"]
[White "Golod, Vitali"]
[Black "Ginzburg, Mikhail"]
[Result "1-0"]
[WhiteElo "2582"]
[BlackElo "2344"]
[Annotator "Golod,V"]
[PlyCount "281"]
[EventDate "2005.09.18"]
[EventType "team-swiss"]
[EventRounds "7"]
[EventCountry "ITA"]
[SourceTitle "CBM 110"]
[Source "ChessBase"]
[SourceDate "2006.01.31"]
[SourceVersion "1"]
[SourceVersionDate "2006.01.31"]
[SourceQuality "1"]
[WhiteTeam "Beer Sheva"]
[BlackTeam "Minsk Vesnianka"]
[WhiteTeamCountry "ISR"]
[BlackTeamCountry "UKR"]

1. c4 c6 2. Nf3 d5 3. e3 Nf6 4. d4 a6 5. Qc2 e6 6. Nbd2 b6 {Black placed his
queenside pawns in a rather strange manner, but his plan is quite
understandable: Bb7,Nbd7 and with chance "c5".} ({Just recently, I saw:} 6...
Nbd7 $5 {/\c5 and I analyzed this game, for the previous issue of ChessBase
Magazine.}) 7. b3 Bb7 8. Bd3 Nbd7 9. Bb2 c5 $6 {A little bit premature
decision.} (9... Be7 $5 {/\0-0 and only then "c5"}) (9... dxc4 $143 10. bxc4 c5
11. O-O {+/=/=}) 10. cxd5 exd5 ({It's hard to recommend sacrificing the "Ph7":
} 10... Nxd5 $6 11. Bxh7 Rc8 (11... g6 $2 12. Bxg6 Nb4 13. Qb1 fxg6 14. Qxg6+
Ke7 15. a3 Nd5 16. Ng5 $40 {[%csl Re7][%cal Gg6e6,Gg6f7]}) 12. Qb1 cxd4 13.
Bxd4 N7f6 14. Bd3 $14) 11. Bf5 $1 {With a different move order, we got the
position from the previous game mentioned by me. So I knew this idea :)} cxd4
$6 $146 (11... Be7 $142 12. O-O O-O 13. Rfd1 g6 14. Bh3 Re8 15. Rac1 Bf8 16.
Ne5 Rc8 17. Qb1 Bg7 18. Nxd7 Nxd7 19. dxc5 bxc5 20. Bxg7 Kxg7 21. b4 $1 $14 {
Sakaev,K-Ivanov,S/Sochi,2004(1/2-1/2)(33)}) 12. Bxd4 Be7 $6 {After the game,
Mikhail confessed that he had missed my next move. In this position, it is
hard to give a good advice, maybe this:} (12... Rc8 13. Qb2 Bc5 14. O-O (14.
Bxd7+ $143 Qxd7 15. Bxf6 gxf6 16. Qxf6 Rg8 $44) 14... Bxd4 15. Qxd4 O-O 16.
Rac1 $14) 13. Bxd7+ {Now Black loses a pawn, or remains without castling (קb6/
Pg7) my opponent made a wise choice.} Qxd7 (13... Nxd7 $4 14. Bxg7 Rg8 15. Qxh7
$18) (13... Kxd7 $143 14. O-O {[%csl Rd7]} Rc8 15. Qf5+ Ke8 16. Ne5 $16) 14.
Bxb6 {+/=/+/-} O-O 15. O-O Rfc8 16. Qb2 {Now White begins the realization of
the material advantage, I don't think I handled it well :)} Ne4 17. Bd4 {
/^a1-h8 (קg7)} f6 18. Rfc1 $6 {As soon as I made this move, which looks quite
logical, I realized that exchanging the knights was a bit stronger:} (18. Nxe4
dxe4 19. Nd2 {[%cal Gd2c4,Gc4b6]} Bd5 20. Rac1 {and so on.}) 18... Nc5 19. Rc3
Qb5 20. Rac1 $1 Ne6 {Black had no other worthy alternative:} (20... Nd3 $6 21.
a4 $1 Nxb2 (21... Rxc3 $143 22. Rxc3 (22. Qxc3 $4 Nxc1 {[%csl Rc3,Rg1][%cal
Gc1e2]} 23. Qxc1 Qb4 $17) 22... Nxb2 23. axb5 {[%csl Rb2,Rb7,Re7][%cal Gc3c7]}
Bd6 24. b6 $16) 22. axb5 {פb2} Nd3 23. Rxc8+ Rxc8 24. Rxc8+ Bxc8 25. bxa6 Bxa6
26. Bc3 {/\Nd4 +/=/+/-}) 21. Rxc8+ Rxc8 22. Rxc8+ Bxc8 {A rook exchange
usually favors the side which has more material, but in this case, my opponent
was left with a strong dark squared bishop, and so it will be hard to break
through his position.} 23. Qc1 Bd7 24. h3 {The important preventive move.} Bd6
25. Bb2 {/\Nd4 My goal is to exchange the knights, and Black's is to avoid
that with all strength.} Nc5 26. Bc3 Qd3 $14 27. Bd4 Qb5 28. Qc2 Ne6 29. Nf1
Qa5 30. Bc3 Qc5 31. Qd2 Be8 32. Nd4 Ng5 33. Bb2 Bd7 (33... Bg6 $5 {/^b1-h7})
34. Qc2 Qa5 35. Bc3 Qc5 36. Be1 {I planned to put my bishop on /^b8-g3 sooner
or later, and to trap my opponent in the same time, but he solved it easily:}
Qb6 (36... Bxh3 $4 37. Qxc5 $1 (37. gxh3 $5 Nf3+ 38. Kh1 $8 Nxe1 39. Qe2 Qc1
40. Qxa6 $18) 37... Bxc5 38. f4 (38. gxh3 $2 Bxd4 39. exd4 $140 Nf3+ 40. Kh1
Nxe1 41. Ne3 Nf3 42. Nxd5 Nxd4 43. b4 {+/=/=}) 38... Bxd4 39. exd4 $18) 37. f3
Nf7 38. Bf2 Bc5 39. Ng3 Nd6 40. Qd3 {קd5} Qb7 41. Ndf5 Nxf5 42. Nxf5 {And I
got to exchange the knights!} Bb5 43. Qc3 Bf8 44. Nd4 Bd7 45. Bg3 Qb6 46. Kh2 {
At this moment, our game was the last in the match, as the other 5 games
already ended a draw. So more responsibility was put upon me (I really didn't
want to disappoint my team) and I think that's the only reason to explain my
future mistakes.} Qc5 (46... Bc5 $5 {/^a7-g1 (קe3)}) 47. Qd3 Qa5 48. e4 $1 {
From one side, I rid my opponent of any weaknesses (Pd5), but from the other
side, I open the position, which allows me to get to my opponent's king.} dxe4
49. Qxe4 (49. Qc4+ $5 Kh8 $140 50. fxe4 {[%cal Gc4f7] Huzman,A} (50. Qf7 $6 Qd8
51. fxe4 Qe7 $14) 50... Qb4 51. Qd5 {+/=/+/-}) 49... Qc5 50. b4 $1 {I used a
small tactical move, to push my queenside pawns a bit.} (50. Ne6 $2 Qe7 51.
Nxf8 $140 Qxe4 52. fxe4 Kxf8 $11) 50... Qc4 (50... Qxb4 $4 51. Qd5+ {[%csl Rd7,
Rg8]}) 51. a3 g6 52. h4 Kf7 53. Qe3 Qd5 54. Nb3 Bd6 55. Nd4 $6 (55. Bxd6 $5
Qxd6+ 56. Kg1 Qd1+ 57. Kf2 $16) 55... Bf8 ({It was a little better:} 55... Be7)
56. Ne2 Bb5 57. Nf4 Qc6 58. Qd4 Bd6 59. Nh3 Be7 60. Nf2 Qc4 61. Qa7 {[%csl Re7,
Rf7][%cal Gg3d6]} Qd5 62. Ne4 Qd7 63. Qe3 {I have to avoid the queen exchange,
otherwise the endgame will be very drawish.} Qd3 64. Qc1 Qc4 65. Qh6 Kg8 66.
Qf4 Qe6 67. Qb8+ Kg7 68. Bd6 $1 $16 {As well as the knights, I also managed to
exchange the dark-squared bishops.} Bxd6+ ({The sole practical chance for a
rescue was:} 68... f5 $142 69. Be5+ Kf7 (69... Kh6 $2 70. Qh8 $1 {/\Qg7+} Qf7
71. Ng5 $1 Bxg5 72. hxg5+ Kxg5 (72... Kh5 73. Bg7 $18) 73. Qd8+ Kh5 74. f4 $1
h6 75. Qd1+ Kh4 76. g3#) 70. Ng5+ Bxg5 71. hxg5 $16 {[%csl Gb8,Ge5,Rf7,Rh7]})
69. Qxd6 Kf7 70. a4 $1 {A little bit of tactics!} Bd7 (70... Bxa4 $2 71. Qxe6+
Kxe6 72. Nc5+ Kd5 73. Nxa4 Kc4 74. Nc5 a5 75. bxa5 Kxc5 76. Kg3 Kb5 77. Kf4
Kxa5 78. g4 {/\g5 +-}) 71. Qc7 Qc6 72. Qf4 Kg7 73. Nc5 {I missed an easy
forced win:} (73. b5 $1 axb5 74. axb5 Qb6 (74... Qxb5 $2 75. Qxf6+ Kg8 76. Nd6
{[%csl Rb5,Rd7,Rg8][%cal Gf6f7,Gf6d8]}) 75. Qd6 $18) 73... Bc8 74. a5 Kf7 75.
Qb8 Qe8 76. Qc7+ Kg8 77. Ne4 $18 Qe6 78. Nxf6+ Qxf6 79. Qxc8+ {[%mdl 4096] In
the end, I got a completely winning queen ending with 2 extra pawns. I thought
my opponent was soon going to resign, but really it wasn't that simple.} Kg7
80. Qc7+ ({This was better:} 80. Kh3 $5) 80... Kg8 81. Kg3 Qe6 82. Qc5 Qe1+ {
I completely overlooked this resource. I had to make a triangle with my king:}
83. Kg4 Qe6+ 84. Kf4 Qf6+ 85. Kg3 Qe6 86. Qc3 Qd6+ 87. Kf2 Kf7 88. Qc4+ Kg7 89.
Ke3 {In endgames of this type, the centralization of your king usually decides
the game.} Qg3 90. Qd4+ Kg8 91. Qc4+ Kg7 92. Qg4 (92. Qxa6 $5 Qe1+ 93. Kd4
Qxb4+ 94. Kd5 Qd2+ 95. Kc6 {and the passed Pa6 will soon decide the game.})
92... Qe1+ 93. Kd3 Qd1+ 94. Kc4 Qe2+ 95. Kd4 {Again I didn't choose the
strongest continuation.} (95. Kc5 $5 Qb5+ 96. Kd6 Qb8+ 97. Kc6 Qb5+ 98. Kc7
Qe5+ 99. Kb6 Qb5+ 100. Ka7 $18) 95... Qb5 96. Kc3 Qa4 97. Qd4+ Kg8 98. Kb2 Kf7
99. Qc4+ Kf6 $2 100. g4 $2 {I didn't expect this move. Quite symbolic that I
didn't take the pawn with a check, on my 100th move:} (100. Qxa6+ {Black can
resign.}) 100... Ke7 101. h5 gxh5 102. gxh5 Qd1 103. Qe4+ Kd6 104. Qe3 Qa4 105.
Qd4+ Ke6 106. h6 {Who knows, maybe the "h" pawn will win the game for me?} Kf5
107. Qd6 Kg5 108. f4+ Kg4 109. Kc3 Qa1+ 110. Kc4 Qf1+ 111. Kd4 Qb5 112. Qc5
Qd7+ 113. Qd5 Qa4 114. Qc4 {/\Kc5-b6 (קa6)} Qd7+ 115. Kc3 $6 {I can't even
explain this fearful move.} (115. Ke5 $142 {[%csl Ra6,Rd7,Rg4,Rh7][%cal Gc4e6,
Ye5f6,Gc4a6]}) 115... Qd1 116. Qd3 (116. Qxa6 $5 Qc1+ 117. Kb3 Qd1+ 118. Kb2
Qd2+ (118... Qd4+ 119. Kc2 Qxb4 120. Qe2+) 119. Ka3 Qc1+ 120. Ka4 Qd1+ 121. Kb5
Qd3+ 122. Kb6 Qe3+ 123. Kb7 Qe7+ 124. Ka8 Qf8+ 125. Ka7 $18) 116... Qc1+ 117.
Kb3 Qe1 118. f5 Qa1 119. f6 (119. Kc4 Qc1+ {[%csl Rc4,Rh6][%cal Cc4d5,Cd3a6,
Gc1h6,Yh6a6]}) 119... Qxf6 120. Qxh7 Qe6+ {I nearly did it :) Now it's hard to
get away from black's checks.} 121. Kb2 Qe5+ 122. Kc2 Qe2+ 123. Kc3 Qe5+ 124.
Kc4 Qb5+ 125. Kb3 Qd5+ 126. Ka3 Qf3+ 127. Kb2 Qf6+ 128. Ka2 Qe6+ 129. Ka3 Qe3+
130. Kb2 Qd4+ (130... Qe5+ $143 131. Kb3 Qe6+ 132. Kc3 Qe5+ 133. Kd3 Qd5+ 134.
Ke3) 131. Kb3 Qd5+ 132. Kc3 Qe5+ 133. Kd3 Qd5+ $2 ({After:} 133... Qd6+ $142 {
I have to use the "b1" square to hide from my opponent's checks:} 134. Kc2 $1
Qc6+ (134... Qh2+ 135. Kb3 {[%cal Yb3a4]}) (134... Qxb4 135. Qg6+ Kf4 136. Qf6+
Kg4 137. Qxa6 $18) 135. Kb1 $1 Qh1+ 136. Kb2 Qg2+ 137. Qc2 $18) 134. Ke3 Qf3+
135. Kd4 Qf6+ 136. Kd5 {The rest is easy without comments.} Qd8+ 137. Kc6 Qf6+
138. Kb7 Qf3+ 139. Kxa6 Qe2+ 140. b5 Qe6+ 141. b6 {Thanks to this crazy win,
we won this match with the minimum score of : 3,5:2,5(+1=5-0)} 1-0

[Event "ISR-ch"]
[Site "Tel Aviv"]
[Date "2002.11.24"]
[Round "1"]
[White "Golod, Vitali"]
[Black "Pasman, Michael"]
[Result "1-0"]
[WhiteElo "2523"]
[BlackElo "2345"]
[Annotator "Golod,V"]
[PlyCount "76"]
[EventDate "2002.11.24"]
[EventType "swiss"]
[EventRounds "9"]
[EventCountry "ISR"]
[SourceTitle "CBM 093"]
[Source "ChessBase"]
[SourceDate "2003.04.01"]
[SourceVersion "1"]
[SourceVersionDate "2003.04.01"]
[SourceQuality "1"]

1. d4 d5 2. c4 c6 3. Nf3 Nf6 4. e3 a6 5. a4 $6 {[%csl Ya4][%cal Ya4b5] It's
hardly possible to exonerate weakening of field "b4".} ({It's more popular:} 5.
Bd3) (5. Nbd2) ({and} 5. Qc2) 5... e6 {I realized that my opponent is going to
play on next move: "c5" and because of it I wanted to not let it happen:} 6.
Qc2 $146 ({It was checked in the previous games:} 6. Bd3 $5) (6. Nc3) {But,
nevertheless:} 6... c5 7. dxc5 (7. cxd5 $143 Nxd5 8. dxc5 Qa5+ {[%csl Rc5]})
7... Bxc5 ({During the game I mostly bewared of:} 7... Nc6 $5 {[%cal Gc6b4]})
8. cxd5 Bb4+ (8... Qxd5 $143 9. Nc3) 9. Bd2 Nxd5 10. e4 ({Pretty dubiously:} 
10. Bxb4 $6 Nxb4 11. Qc3 {[%csl Rb4,Rg7]} N8c6 $1 12. Qxg7 $140 $4 Nc2+ 13. Ke2
Rf8 14. Ra2 N6b4 {[%csl Ra2]}) 10... Qc7 $6 ({It was better:} 10... Bxd2+ 11.
Nbxd2 Nf6 {+/=/=} (11... Ne7 $5) (11... Nb4 $2 12. Qc3 {[%csl Rb4,Rg7]} N8c6
13. Qxg7 Rf8 (13... Nc2+ 14. Kd1) 14. Rc1 $16)) 11. Na3 $1 {After exchange of
queens,knight from point "c2" will cover weakness "b4".} (11. Bc4 $6 Bxd2+ 12.
Nbxd2 Ne7 $11 13. Bb5+ $140 $6 Nbc6) 11... Qxc2 (11... Bxd2+ $144 12. Nxd2 Qxc2
13. Nxc2) 12. Nxc2 Bxd2+ 13. Nxd2 $14 Ne7 $6 ({Can be recommended:} 13... Nf6 {
/\Ke7}) 14. Nc4 {[%cal Gc4b6,Gc4d6] My knights hold perfect positions.} Kd8 $2
{Black are throwing their king on protection of queen side's weakness.But here
he will on line of fire.} ({It was necessary:} 14... O-O 15. Nb6 Ra7 16. Rd1 {
[%csl Gb6,Gd1,Rd7]} e5 17. Bc4 {+/=/+/-}) 15. b4 $1 {I don't let my opponent
to play:} (15. Nb6 $143 Ra7 {[%cal Gb8d7]}) 15... Nd7 16. Be2 Kc7 17. O-O $16 {
[%csl Rc7][%cal Gf1c1]} b6 18. Rfc1 Ra7 (18... Bb7 19. N2e3 $16 Bxe4 $140 $4
20. Ne5+ $18 {[%csl Rd7,Rf7]}) 19. Nd4 {[%csl Yc4,Yd4] I prefer this move
to-19.N2e3} Kb8 20. Nd6 $1 {This move is much better,than:} (20. b5 a5 21. Nc6+
Nxc6 22. bxc6 Nc5 {[%csl Re4][%cal Gc5b3]}) ({or} 20. a5 b5) 20... Rf8 21. Rc3
({Also it deserves attention:} 21. Rc2 a5 $140 22. N4b5) 21... Nf6 $2 ({
More stubborn resistance after:} 21... a5 22. Rb1 $16) (21... e5 22. Nb3) ({
Also loses:} 21... Rc7 $2 22. Rxc7 Kxc7 23. Nxc8 {[%csl Ra6]} Rxc8 24. Bxa6 $18
) 22. Nc6+ $1 {[%csl Rc8,Ye7][%cal Gc6e7,Ye7c8]} Nxc6 23. Rxc6 $18 {[%csl Rb6]}
Bb7 24. Rxb6 Kc7 $2 $138 (24... Nd7 $142 25. Rxb7+ Rxb7 26. Nxb7 Kxb7 27. Rd1
$18) 25. Rc1+ $1 Kb8 $8 (25... Kxb6 $4 26. a5#) 26. Rd1 $1 {I don't let it
happen 26...Nd7} Rd8 27. f3 Rd7 (27... Nd7 $2 28. Nxf7 {[%csl Gd1,Rd8,Gf7]})
28. a5 Rc7 29. Kf1 {The rest is the matter of technics.} g6 (29... Nd7 $2 30.
Ne8 Nxb6 31. axb6 {[%csl Ra7,Rc7]}) 30. g4 Rd7 (30... h6 31. h4 g5 32. h5 $22)
31. g5 Nh5 32. b5 axb5 (32... Nf4 $142 33. bxa6 Nxe2 34. axb7 Nc3 35. Rc1 {
[%csl Gb7,Rb8,Gc1]}) 33. Bxb5 {[%csl Rb7,Rd7][%cal Gb5d7,Ga5a6]} Rxd6 34. Rdxd6
Rxa5 35. Rd7 Ra1+ 36. Kf2 Ra2+ 37. Ke3 Ra3+ 38. Kd2 Ra7 {And here my opponent
resigned,without waiting for my next move:39.Bc6 or 39.Rxf7.} 1-0

[Event "Benasque op 25th "]
[Site "Benasque"]
[Date "2005.07.09"]
[Round "4"]
[White "Golod, Vitali"]
[Black "Kohlweyer, Bernd"]
[Result "1-0"]
[WhiteElo "2586"]
[BlackElo "2423"]
[Annotator "Golod,V"]
[PlyCount "115"]
[EventDate "2005.07.06"]
[EventType "swiss"]
[EventRounds "10"]
[EventCountry "ESP"]
[SourceTitle "CBM 108"]
[Source "ChessBase"]
[SourceDate "2005.09.26"]
[SourceVersion "1"]
[SourceVersionDate "2005.09.26"]
[SourceQuality "1"]

1. d4 d5 2. c4 c6 3. Nf3 Nf6 4. e3 Bg4 {My opponent surprised me with his
choice of the opening.} 5. h3 Bxf3 6. Qxf3 e6 7. Nc3 Nbd7 8. Bd2 Bd6 $5 {
Novelty, from the point of view of my games. Before, this was played against
me:} (8... Bb4 $5) ({and} 8... g6 $5) 9. g4 $140 Bb4 {Black wants to fight for
the "e4" square, even if it means losing a temp. Also, after "g4" White
probably denied him self of castling to either side.} 10. O-O-O $5 {I studied
this position before, and decided that this alternative was better than any I
have seen in practice.} (10. Bd3 $6 e5 $1 11. cxd5 Bxc3 12. Bxc3 ({Hardly it
was better:} 12. bxc3 cxd5 {/\e4} 13. Qf5 g6 14. Qg5 Qe7 15. f3 O-O-O 16. Bb5
Qe6 17. Kf2 e4 $15 {Onischuk,A-Vasquez,R/Buenos Aires,2003(0-1)(51)}) 12...
Nxd5 {with excellent game for Black:} 13. Bc4 N7b6 14. Bxd5 Nxd5 15. Qe4 O-O $1
16. dxe5 Qh4 17. Bd4 Rad8 18. Qf3 Qe7 19. Rc1 b6 20. O-O c5 21. Bc3 Nxc3 22.
bxc3 Qxe5 $11 {Dreev,A-Movsesian,S/Sarajevo,2002(1/2-1/2)(27)}) (10. cxd5 $5
exd5 $140 11. Bd3 {You can see comments to game: Tregubov,P-Sokolov,I/Wijk aan
Zee II,2002/Inf 83/360 (1-0)(Tregubov,P)(41)}) 10... a5 $146 (10... Nb6 $5 11.
c5 (11. cxd5 $5) 11... Nbd7 12. Kb1 O-O 13. g5 Ne8 14. e4 b6 $13 {Tregubov,
P-Godena,M/Senat,2003(1/2-1/2)(68)}) 11. Kb1 {The previous unessential black's
move has allowed me to make this useful move and now I create a threat "g5".} (
{At once it was senseless:} 11. g5 $2 {because of:} Bxc3 12. Bxc3 Ne4 {[%csl
Rc3,Rg5]}) 11... Bxc3 ({Leads to favourable complications for White:} 11... O-O
$6 12. g5 $1 Bxc3 13. gxf6 Bxd2 14. fxg7 Kxg7 15. Rg1+ Kh8 16. Rxd2 $14) 12.
Bxc3 O-O 13. Bd3 {Perhaps it was better to wait with the development of this
bishop, and start active moves on the kingside:} (13. h4 $5 {/\14.g5 Ne4 15.
Be1 and so on.}) 13... dxc4 {It's right reaction on the previous white's move.}
14. Bxc4 $140 b5 15. Bd3 (15. Bb3 $143 Qb6 $13) 15... Nd5 {White has the BB
advatnage, however, it might only be visible in the end game. Now Black begins
an initiative on the queenside, thus I have to prevent my opponent's attacks
first.} 16. Rc1 Qb6 17. Ka1 Rac8 {It's hard to make the right decision - which
rook to put on "c8" ?} (17... Rfc8 $5) 18. Bb1 Qa6 $6 {After the game, we
realized that this was much stronger:} (18... Nxc3 $1 19. Rxc3 $140 c5 {/\c4}
20. dxc5 Nxc5 {and Black is equal as minimum.}) 19. g5 b4 20. Bd2 c5 $132 {
Finally - the pieces of opponents begin to work together!} 21. dxc5 (21. e4 $5
N5b6 $13) 21... Nxc5 22. e4 {It's necessary to take about control the point
"b3":} (22. h4 $2 Nb3+ $1 (22... a4 $5 {[%csl Ra1][%cal Gc5b3]} 23. Rxc5 Rxc5
24. e4 Ne7 25. Bxb4 Rc7 $15) 23. axb3 a4 {עa1} 24. Bxh7+ $8 Kxh7 25. Qe4+ Kh8
$40) 22... Ne7 23. Qe3 ({Leads to a very hard position:} 23. Be3 $4 Nb3+ $1 24.
axb3 a4 25. Ka2 $140 a3 $1 {עa2} 26. Rc5 Rxc5 27. Bxc5 axb2+ 28. Kxb2 Qa3+ 29.
Kc2 Rc8 30. Qe3 Qa5 $17) 23... Qb5 {/\a4 or Rfd8} 24. Rc2 {/\Rac1(פc5) I want
to exchange rooks, to avoid a knight sacrifice on "b3".} b3 25. Rc3 bxa2 26.
Bxa2 Rb8 $138 {This is the time control in the tournament: 1,5 hours for 30
moves and 1 hour to finish the game.} (26... Rfd8 $5 27. Rd1 (27. Rhc1 $143 Nd3
28. Rb3 Nb4 29. Rxc8 Nxc8 30. Bb1 Nb6 $40) 27... Rd3 28. Qe2 $15) 27. Rb1 Rfc8
28. b3 {I can't allow black's pawn to reach "a4".} Rc6 29. Rbc1 Rbc8 30. Rc4
Nd7 $2 ({It deserves serious attention:} 30... a4 $5 31. bxa4 Nxa4 32. Rb1 Qa6
33. Rxc6 Qxc6 $15) 31. Qd4 $1 {I try to coordinate my pieces.} Rxc4 32. Rxc4
Rxc4 33. bxc4 {It was obvious that exchanging all of the rooks lead to white's
advantage.} Qb7 (33... Qe5 $142 34. Qxe5 Nxe5 35. Bxa5 Nf3 $132 {[%csl Rg5]} (
35... N7c6 $2 36. Bd2 $16)) 34. Bc3 $1 e5 35. Qd6 {In just a bit (/\c5) my
bishops will become very strong.} Kf8 $5 ({Leads to immediate disaster:} 35...
Ng6 $2 36. c5 Qb5 $140 37. c6 Qf1+ 38. Kb2 Qxf2+ 39. Ka3 Qc5+ (39... Qe3 $143
40. cxd7 Qxc3+ 41. Ka4 Qc2+ 42. Kb5 $18) 40. Qxc5 Nxc5 41. Bxa5 {/\Bb4 +-}) 36.
Bxa5 {I spent 20 minutes thinking about this move, but still couldn't find the
strongest continuation:} (36. c5 Ke8 $140 37. Bd5 $1 Qb5 (37... Nxd5 $2 38. c6
$18 Qc7 $8 39. Qxd5 Nb6 40. Qb5 $1 $18) 38. c6 $16) (36. Bxe5 $143 Qxe4 $132 {
ץe5; /\Qe1+}) 36... Ke8 37. Qc7 $1 {I decided to go to another endgame (in
this tournament, every one of my games ended up in an endgame).} (37. f3 $6 Nc6
$44) 37... Qxc7 (37... Qa8 $143 38. c5 $16) 38. Bxc7 {+/=/+/- After the
exchange of queens there is only one question: Can I win this position?} Nc6
39. Bd6 Na5 40. Kb2 {First, I have to get my king to the center.} (40. c5 $2
Nb7 {[%csl Rc5,Yd6][%cal Gb7c5,Gb7d6,Yd6c5]}) 40... Nb7 41. Bb4 $1 {Otherwise,
my bishop will be attacked in my opponent's camp:} (41. Bc7 $6 Nbc5 42. Bb1 Ne6
{[%csl Rc7,Rg5]}) 41... Ndc5 42. Bb1 Kd7 43. Bc2 Kc6 44. Kc3 Nd6 45. f3 Ndb7 $5
{/\Nd8-e6} 46. Ba3 $1 {I have to get my bishop to "e3" and then, when possible,
play "Kb4".} Nd8 47. Bc1 Nde6 48. Be3 f6 $6 49. gxf6 gxf6 50. h4 $16 {[%csl
Yh4,Rh7][%cal Yh4g5,Gc2d1,Gd1e2,Ge2f1,Gf1h3,Gh3f5] Now it will be easier for
me to get to the "h7" pawn.} Nf4 $4 {It's already decisive mistake.} (50... Kd6
$5) 51. Bxf4 $1 exf4 $140 52. e5 fxe5 53. Bxh7 $18 {Now my "c4" and "h4" pawns
decide the game in my favour.} Kd6 (53... Na4+ $144 54. Kc2 {/\h5-h6 and so on.
} Nc5 55. Bf5 Kd6 56. h5 Ke7 57. h6 Kf6 58. h7 Kg7 59. Kc3 $18) 54. Bf5 {
First I restricted my opponent's knight.} Ke7 55. h5 Kf6 56. h6 Nb7 57. h7 Kg7
58. Bc2 {[%cal Yc3b4,Gc4c5]} 1-0